Sports Quiz

Random Sports or NBA Quiz

NBA Teams with 4 All-Stars Quiz Stats

 Plays Quiz Updated Feb 15, 2015

Support Sporcle.
Go Orange.
Score 0/36 Timer 05:00
0 Plays Today
Team Players % Correct
2018 WarriorsStephen Curry
98.6%
2017 WarriorsStephen Curry
98.2%
2018 WarriorsKevin Durant
97.2%
2017 WarriorsKevin Durant
96.7%
2018 WarriorsKlay Thompson
96.7%
2018 WarriorsDraymond Green
96.3%
2017 WarriorsKlay Thompson
96.2%
2017 WarriorsDraymond Green
96.1%
1998 LakersKobe Bryant
94%
2011 CelticsKevin Garnett
93.3%
2011 CelticsPaul Pierce
93.3%
1998 LakersShaquille O'Neal
92.4%
2011 CelticsRay Allen
89.5%
2011 CelticsRajon Rondo
89.5%
2006 PistonsBen Wallace
84.1%
2006 PistonsRasheed Wallace
83.9%
1962 CelticsBill Russell
83.8%
2006 PistonsChauncey Billups
81.1%
Team Players % Correct
2015 HawksAl Horford
78.3%
2015 HawksKyle Korver
74.9%
1983 76ersJulius Erving
74%
2006 PistonsRichard Hamilton
72.7%
2015 HawksJeff Teague
72.6%
2015 HawksPaul Millsap
70.9%
1983 76ersMoses Malone
67.8%
1962 CelticsBob Cousy
61.7%
1975 CelticsJohn Havlicek
60.6%
1962 CelticsSam Jones
55.3%
1998 LakersEddie Jones
55.3%
1983 76ersMaurice Cheeks
35.7%
1975 CelticsDave Cowens
32.5%
1998 LakersNick Van Exel
31.4%
1975 CelticsJo Jo White
26.7%
1962 CelticsTom Heinsohn
25.5%
1983 76ersAndrew Toney
15.4%
1975 CelticsPaul Silas
8%

You're not logged in!

Compare scores with friends on all Sporcle quizzes.
OR
Log In

From the Vault

TV Debuts: 1999

by druhutch

It's kind of amazing that a few of these shows are still on the air.
Remove Ads.
Support Sporcle.
Get the best of Sporcle when you Go Orange. This ad-free experience offers more features, more stats, and more fun while also helping to support Sporcle. Thank you for becoming a member.

Show Comments

Extras

Top Quizzes Today


Score Distribution

Your Account Isn't Verified!

In order to create a playlist on Sporcle, you need to verify the email address you used during registration. Go to your Sporcle Settings to finish the process.

Report this User

Report this user for behavior that violates our Community Guidelines.

Details: